Improving the spatial arrangement of planting rubber (Hevea brasiliensis Muell Arg) for long-term intercropping (Record no. 45621)

MARC details
000 -LEADER
fixed length control field 00539nam a2200181Ia 4500
100 ## - MAIN ENTRY--AUTHOR NAME
Personal name Rodrigo V H L
245 #0 - TITLE STATEMENT
Title Improving the spatial arrangement of planting rubber (Hevea brasiliensis Muell Arg) for long-term intercropping
260 ## - PUBLICATION, DISTRIBUTION, ETC. (IMPRINT)
Name of publisher Field Crops Research
Year of publication 2004
300 ## - PHYSICAL DESCRIPTION
Number of Pages 327-335
650 ## - SUBJECT ADDED ENTRY--TOPICAL TERM
Topical Term Hevea
650 ## - SUBJECT ADDED ENTRY--TOPICAL TERM
Topical Term Intercropping
650 ## - SUBJECT ADDED ENTRY--TOPICAL TERM
Topical Term Plant spatial arrangements
650 ## - SUBJECT ADDED ENTRY--TOPICAL TERM
Topical Term Planting systems
700 ## - ADDED ENTRY--PERSONAL NAME
Personal name Munasinghe E S
700 ## - ADDED ENTRY--PERSONAL NAME
Personal name Silva T U K
942 ## - ADDED ENTRY ELEMENTS (KOHA)
Koha item type Reprints
Holdings
Withdrawn status Lost status Damaged status Not for loan Home library Current library Shelving location Date acquired Serial Enumeration / chronology Koha item type
      Reprints RRII Library RRII Library Soils and agonomy 22/12/2021 Volume 89, Issue Reprints